000 00357nam a2200145Ia 4500
005 20251222143113.0
008 251222s9999||||xx |||||||||||||| ||spa||
020 _a9972890252
082 _a641.253.098/G96
100 _aGutiérrez, Gonzalo
245 0 _aEL Pisco:
250 _a1ra.ed.
264 _bFondo Editorial del Congreso del Perú
942 _cLIB
999 _c11251
_d11251